Patel: (Record no. 159405)

MARC details
000 -LEADER
fixed length control field 00734nam a22002057a 4500
005 - DATE AND TIME OF LATEST TRANSACTION
control field 20181217114206.0
010 ## - LCCN (DPL NO)
LC control number ENG-124551
020 ## - INTERNATIONAL STANDARD BOOK NUMBER
Terms of availability 895.00
International Standard Book Number 9789352808533
035 ## - SYSTEM CONTROL NUMBER
System control number EN-108083
037 ## - SOURCE OF ACQUISITION
Source of stock number/acquisition DBAD/PUB.
082 ## - DEWEY DECIMAL CLASSIFICATION NUMBER
Classification number 954.084092
245 ## - TITLE STATEMENT
Title Patel:
Statement of responsibility, etc ed. by Shakti Sinha [and] Himanshu Roy
Remainder of title political ideas and policies/
260 ## - PUBLICATION, DISTRIBUTION, ETC. (IMPRINT)
Place of publication, distribution, etc New Delhi
Name of publisher, distributor, etc Sage Publications India Pvt. Ltd.
Date of publication, distribution, etc 2019
270 ## - ADDRESS
Address B1/I-1, Mohan Cooperative Industrial Area Mathura Road Post Bag 7
City New Delhi
Postal code 110044
300 ## - PHYSICAL DESCRIPTION
Extent xlii,237p.
Dimensions 21cm.(Hb)
500 ## - GENERAL NOTE
General note It includes references about the editors and contributors and index
700 ## - ADDED ENTRY--PERSONAL NAME
Personal name Shakti Sinha
700 ## - ADDED ENTRY--PERSONAL NAME
Personal name Himanshu Roy
942 ## - ADDED ENTRY ELEMENTS (KOHA)
Source of classification or shelving scheme Dewey Decimal Classification
Item type English Books
Call number suffix PAT
Classification part 954.084092
Holdings
Withdrawn status Lost status Not for loan Collection code Home library Current library Date acquired Source of acquisition Cost, normal purchase price Full call number Barcode Copy number Cost, replacement price Koha item type
    Not For Loan Non-fiction D.B.Act.Division Bawana 17/12/2018 DBAD/PUB 895.00 954.084092 PAT EN-108083 1 895.00 English Books

© Delhi Public Library
Hit Counter
free hit counter